000
00299nam a22000977a 4500
999
_c
11195
_d
11195
008
181009b ||||| |||| 00| 0 eng d
020
_a
9788177395631
100
_a
SHARMA V D
_9
6951
245
_a
INTRODUCTION TO PHYSICAL EDUCATION PART -B PRACTICAL - XII
260
_a
NEW DELHI
_b
AVICHAL PUBLICATION
_c
2018